[Event "SC Klein-Berlin Rheine 2 - SK Gescher 1"]
[Site "Verbandsklasse 2017/2018"]
[Date "2017.10.14"]
[Round "2.2"]
[White "Hauk, Viktor"]
[Black "Lanfer, Stefan"]
[Result "1/2-1/2"]
[WhiteElo "1807"]
[BlackElo "1809"]
[PlyCount "40"]
[EventDate "2017.??.??"]
[SourceTitle "Verband Muensterland"]
[SourceDate "2017.09.30"]
[SourceVersion "1"]
[SourceVersionDate "2017.09.30"]
[SourceQuality "1"]

1. d4 c6 2. c4 d5 3. Nc3 Nf6 4. Nf3 e6 5. cxd5 exd5 6. Bg5 Be7 7. Qc2 Nbd7 8.
e3 O-O 9. Bd3 h6 10. Bh4 Re8 11. O-O Nh5 12. Bxe7 Qxe7 13. e4 dxe4 14. Nxe4
Ndf6 15. Rae1 Nxe4 16. Bxe4 Be6 17. d5 cxd5 18. Bxd5 Qd7 19. Bxe6 Rxe6 20. Rxe6
Qxe6 1/2-1/2

[Event "SC Klein-Berlin Rheine 2 - SK Gescher 1"]
[Site "Verbandsklasse 2017/2018"]
[Date "2017.10.14"]
[Round "2.3"]
[White "Priebs, Ludger"]
[Black "van Dijk, Guido"]
[Result "0-1"]
[WhiteElo "1721"]
[BlackElo "1739"]
[PlyCount "164"]
[EventDate "2017.??.??"]
[SourceTitle "Verband Muensterland"]
[SourceDate "2017.09.30"]
[SourceVersion "1"]
[SourceVersionDate "2017.09.30"]
[SourceQuality "1"]

1. Nf3 c6 2. d4 d5 3. g3 Nf6 4. Bg2 Bf5 5. c3 h6 6. Qb3 Qb6 7. Nbd2 Nbd7 8. O-O
e6 9. Re1 Be7 10. Qxb6 Nxb6 11. Ne5 O-O 12. a4 a5 13. b3 Rfd8 14. Ba3 Bxa3 15.
Rxa3 Nfd7 16. Nxd7 Rxd7 17. f3 Rc8 18. e4 Bg6 19. exd5 cxd5 20. b4 axb4 21.
cxb4 Rc2 22. Rd1 Rb2 23. a5 Nc4 24. Nxc4 dxc4 25. Bf1 Rxb4 26. Rc3 Ra4 27. Rxc4
Rxa5 28. Rb4 Rad5 29. f4 Be4 30. Kf2 Ra5 31. Rd2 Ra3 32. Bg2 Bxg2 33. Kxg2 Ra8
34. Rdb2 Rb8 35. Kf3 Kf8 36. Ke3 Rc7 37. Kd3 Ke7 38. Rb6 Kd7 39. Ke4 Kc8 40.
R6b5 Ra8 41. Rc5 Rxc5 42. dxc5 Ra4+ 43. Kd3 Kc7 44. Kc3 Ra1 45. Kd4 Rc1 46. Rb3
Rc2 47. h4 h5 48. Rb5 Rd2+ 49. Kc4 Rd5 50. Rb3 Rd7 51. Rb6 Rd1 52. Rb3 Rd8 53.
Rb6 Ra8 54. Rb3 Ra6 55. Kb5 Ra1 56. Kc4 Ra4+ 57. Kd3 Ra6 58. Kc4 b6 59. cxb6+
Rxb6 60. Rd3 Rc6+ 61. Kb4 Rd6 62. Ra3 Kd7 63. Kc5 Rd5+ 64. Kc4 Ke7 65. Kc3 Kf6
66. Kc2 Kf5 67. Kc1 e5 68. fxe5 Rxe5 69. Rf3+ Kg6 70. Kd2 f6 71. Rf4 f5 72. Rd4
Re4 73. Rd6+ Kf7 74. Rd3 Kf6 75. Rd6+ Re6 76. Rd3 g5 77. Rf3 gxh4 78. gxh4 Re4
79. Rh3 Ke5 80. Re3 Kf4 81. Rxe4+ fxe4 82. Ke2 Kg3 0-1

[Event "SC Klein-Berlin Rheine 2 - SK Gescher 1"]
[Site "Verbandsklasse 2017/2018"]
[Date "2017.10.14"]
[Round "2.4"]
[White "Brinkmann, Franz-Josef"]
[Black "Iking, Bernhard"]
[Result "1/2-1/2"]
[WhiteElo "1758"]
[BlackElo "1793"]
[PlyCount "232"]
[EventDate "2017.??.??"]
[SourceTitle "Verband Muensterland"]
[SourceDate "2017.09.30"]
[SourceVersion "1"]
[SourceVersionDate "2017.09.30"]
[SourceQuality "1"]

1. e4 e6 2. d4 d5 3. Nd2 c5 4. Ngf3 Nc6 5. dxc5 Bxc5 6. Nb3 Bd6 7. exd5 exd5 8.
c3 Nf6 9. Bd3 O-O 10. O-O Bg4 11. h3 Bxf3 12. Qxf3 Ne5 13. Qd1 Nxd3 14. Qxd3 h6
15. Be3 Qd7 16. Nd4 Rad8 17. Rad1 Bb8 18. Rfe1 Rfe8 19. Bc1 Ne4 20. Qf3 Qd6 21.
g3 Qg6 22. Kg2 Kh7 23. h4 Nf6 24. Nf5 Rxe1 25. Rxe1 Qg4 26. Re7 Qxf3+ 27. Kxf3
Kg6 28. Nd4 Nd7 29. Bf4 Kf6 30. Rxd7 Rxd7 31. Bxb8 a6 32. Bf4 g5 33. hxg5+ hxg5
34. Be3 Re7 35. Nc2 Re4 36. Bd4+ Ke6 37. Ne3 f5 38. g4 fxg4+ 39. Nxg4 Rf4+ 40.
Kg3 Kf5 41. Nh6+ Kg6 42. Ng4 Kf5 43. f3 Ke6 44. a3 b5 45. Be3 Rf5 46. f4 gxf4+
47. Bxf4 Rf8 48. Ne5 Kf5 49. Kf3 Re8 50. Nc6 Re4 51. Nd4+ Kf6 52. Be3 Rh4 53.
Ke2 Rh2+ 54. Bf2 Rh3 55. Nf3 Kf5 56. Nd2 Kf4 57. Bb6 Ke5 58. Bc7+ Ke6 59. Nf3
Kd7 60. Bf4 Rh7 61. Nd4 Re7+ 62. Kd2 Re4 63. Be3 Kd6 64. Kd3 Kd7 65. Nc2 Ke6
66. Bb6 Rg4 67. Nd4+ Kd7 68. Kc2 Rg6 69. Ba5 Kd6 70. Bb4+ Ke5 71. Kb3 Rg2 72.
Ba5 Kd6 73. Nc2 Kc5 74. Nb4 Rg6 75. Bd8 Re6 76. Bh4 Re2 77. Nxa6+ Kb6 78. Nb4
Kc5 79. Bf6 Kb6 80. Nxd5+ Kc6 81. Nb4+ Kb6 82. Bd4+ Ka5 83. c4 bxc4+ 84. Kxc4
Ka4 85. Kc3 Rg2 86. Nd3 Rg6 87. Kc4 Rg4 88. Nc5+ Ka5 89. b4+ Kb6 90. a4 Rh4 91.
Nd7+ Kc7 92. Ne5 Kb7 93. Kd5 Ka6 94. Nd3 Rh5+ 95. Kc4 Rh4 96. Nc5+ Kb6 97. a5+
Kc6 98. b5+ Kc7 99. Kd5 Rh5+ 100. Be5+ Kc8 101. b6 Rh7 102. Kc6 Rb7 103. Ne4
Rc7+ 104. Kb5 Re7 105. Nd6+ Kd7 106. Nc4 Kc8 107. a6 Rh7 108. a7 Kb7 109. Na5+
Ka8 110. Bc7 Rh5+ 111. Ka6 Rh6 112. Kb5 Rh5+ 113. Kb4 Rb5+ 114. Ka4 Rb4+ 115.
Ka3 Ra4+ 116. Kb3 Rxa5 1/2-1/2

[Event "SC Klein-Berlin Rheine 2 - SK Gescher 1"]
[Site "Verbandsklasse 2017/2018"]
[Date "2017.10.14"]
[Round "2.5"]
[White "Stein, Michael"]
[Black "Huesmann, Stephan"]
[Result "1-0"]
[WhiteElo "1690"]
[BlackElo "1706"]
[PlyCount "41"]
[EventDate "2017.??.??"]
[SourceTitle "Verband Muensterland"]
[SourceDate "2017.09.30"]
[SourceVersion "1"]
[SourceVersionDate "2017.09.30"]
[SourceQuality "1"]

1. e4 e6 2. d3 c5 3. Nf3 Nc6 4. g3 Be7 5. Bg2 Bf6 6. c3 Qb6 7. O-O d6 8. Nbd2
Qc7 9. Re1 e5 10. Nf1 h6 11. Ne3 Nge7 12. a4 Be6 13. Nd2 h5 14. f4 g6 15. Rf1
Qc8 16. Ndc4 Kd7 17. fxe5 Bxe5 18. Nxe5+ Nxe5 19. d4 Ng4 20. d5 Bxd5 21. Nxd5
1-0

[Event "SC Klein-Berlin Rheine 2 - SK Gescher 1"]
[Site "Verbandsklasse 2017/2018"]
[Date "2017.10.14"]
[Round "2.6"]
[White "Pohlmeier, Ulrich"]
[Black "Brands, Julian"]
[Result "0-1"]
[WhiteElo "1602"]
[BlackElo "1636"]
[PlyCount "56"]
[EventDate "2017.??.??"]
[SourceTitle "Verband Muensterland"]
[SourceDate "2017.09.30"]
[SourceVersion "1"]
[SourceVersionDate "2017.09.30"]
[SourceQuality "1"]

1. d4 Nf6 2. c4 g6 3. g3 Bg7 4. Bg2 d6 5. e4 O-O 6. Ne2 e5 7. d5 a5 8. O-O Na6
9. Nbc3 Nc5 10. Qc2 Ne8 11. f3 f5 12. exf5 gxf5 13. Bd2 Nf6 14. Rae1 Qe8 15. a3
Qh5 16. b4 axb4 17. axb4 Na6 18. Nd1 b6 19. Nf2 Bd7 20. Ra1 e4 21. Ra3 exf3 22.
Bxf3 Ng4 23. h3 Nxb4 24. Bxb4 Rxa3 25. hxg4 fxg4 26. Bxa3 gxf3 27. Nf4 Rxf4 28.
gxf4 Bd4 0-1

[Event "SC Klein-Berlin Rheine 2 - SK Gescher 1"]
[Site "Verbandsklasse 2017/2018"]
[Date "2017.10.14"]
[Round "2.7"]
[White "Robers, Frank"]
[Black "Engfer, Klaus"]
[Result "1/2-1/2"]
[WhiteElo "1648"]
[BlackElo "1563"]
[PlyCount "67"]
[EventDate "2017.??.??"]
[SourceTitle "Verband Muensterland"]
[SourceDate "2017.09.30"]
[SourceVersion "1"]
[SourceVersionDate "2017.09.30"]
[SourceQuality "1"]

1. e4 e5 2. Nf3 d6 3. d4 exd4 4. Nxd4 Nf6 5. Nc3 Be7 6. Be2 O-O 7. O-O c5 8.
Nf3 Nc6 9. Re1 Bg4 10. h3 Bh5 11. Be3 Re8 12. Bg5 h6 13. Bh4 Bg6 14. Bd3 a6 15.
e5 dxe5 16. Bxg6 fxg6 17. Nxe5 Nxe5 18. Rxe5 g5 19. Bg3 Qxd1+ 20. Rxd1 Bf8 21.
Kf1 Rad8 22. Rxe8 Rxd1+ 23. Nxd1 Nxe8 24. Nc3 Kf7 25. Ke2 Ke6 26. Ne4 Nf6 27.
Nxf6 gxf6 28. Kd3 b5 29. f4 Kd5 30. fxg5 c4+ 31. Ke3 fxg5 32. Be1 Bg7 33. b3
Bd4+ 34. Kf3 1/2-1/2

[Event "SC Klein-Berlin Rheine 2 - SK Gescher 1"]
[Site "Verbandsklasse 2017/2018"]
[Date "2017.10.14"]
[Round "2.8"]
[White "Jarvers, Kathrin"]
[Black "Frieske, Hilmar"]
[Result "0-1"]
[WhiteElo "1312"]
[BlackElo "1720"]
[PlyCount "71"]
[EventDate "2017.??.??"]
[SourceTitle "Verband Muensterland"]
[SourceDate "2017.09.30"]
[SourceVersion "1"]
[SourceVersionDate "2017.09.30"]
[SourceQuality "1"]

1. e4 e5 2. Bc4 Bc5 3. Nf3 Nc6 4. d3 d6 5. h3 Na5 6. Nbd2 Nxc4 7. Nxc4 Ne7 8.
c3 Ng6 9. b4 Bb6 10. Nxb6 axb6 11. Be3 Bd7 12. Bg5 f6 13. Be3 Ba4 14. Qb1 Bd7
15. Qd1 b5 16. Qb3 Qe7 17. Qc2 Bc6 18. O-O O-O 19. Rfe1 h6 20. Nh2 Nh4 21. g3
Ng6 22. d4 Bd7 23. Kg2 Kh7 24. Qd2 Qe6 25. g4 Nh4+ 26. Kh1 g5 27. d5 Qf7 28.
Rf1 h5 29. Rg1 hxg4 30. hxg4 Qg6 31. Qc2 Kg7 32. Rg3 c6 33. Qd3 cxd5 34. Qxd5
Bc6 35. Qxd6 Qxe4+ 36. Kg1 0-1

[Event "Indische Dame Münster 1 - SF Stadtlohn "]
[Site "Verbandsklasse 2017/2018"]
[Date "2017.10.14"]
[Round "2.2"]
[White "Knispel-Roth, Martin"]
[Black "Krosenbrink, Marcel"]
[Result "1/2-1/2"]
[WhiteElo "1889"]
[BlackElo "1941"]
[PlyCount "45"]
[EventDate "2017.??.??"]
[SourceTitle "Verband Muensterland"]
[SourceDate "2017.09.30"]
[SourceVersion "1"]
[SourceVersionDate "2017.09.30"]
[SourceQuality "1"]

1. Nf3 e6 2. g3 f5 3. d4 Nf6 4. Bg2 Be7 5. O-O O-O 6. c4 d6 7. Nc3 Qe8 8. Re1
Qg6 9. e4 fxe4 10. Nxe4 Nxe4 11. Rxe4 e5 12. Qe2 Nc6 13. dxe5 Bf5 14. Nh4 Bxh4
15. Rxh4 Nxe5 16. Be3 Bg4 17. Qf1 Bf3 18. Qb1 Bxg2 19. Kxg2 Qf5 20. Qxf5 Rxf5
21. b3 a5 22. a4 Raf8 23. Rf4 1/2-1/2

[Event "Indische Dame Münster 1 - SF Stadtlohn "]
[Site "Verbandsklasse 2017/2018"]
[Date "2017.10.14"]
[Round "2.3"]
[White "Te Sligte, Bert"]
[Black "Frie, Michael"]
[Result "1-0"]
[WhiteElo "1835"]
[BlackElo "1895"]
[PlyCount "69"]
[EventDate "2017.??.??"]
[SourceTitle "Verband Muensterland"]
[SourceDate "2017.09.30"]
[SourceVersion "1"]
[SourceVersionDate "2017.09.30"]
[SourceQuality "1"]

1. e4 c6 2. d4 d6 3. Nc3 Qc7 4. Bf4 e5 5. Bg3 Nf6 6. Be2 Qb6 7. dxe5 Qxb2 8.
Na4 Qa3 9. exf6 Qxa4 10. Bxd6 Qa5+ 11. Kf1 gxf6 12. Bxf8 Rxf8 13. Nf3 Be6 14.
Nd4 Nd7 15. Nxe6 fxe6 16. h4 O-O-O 17. Qe1 Qe5 18. Rb1 f5 19. Qb4 Nc5 20. exf5
Rxf5 21. Rh3 Rd4 22. Qb2 b6 23. Bf3 Rxf3 24. gxf3 Qd6 25. Re1 e5 26. Qc3 Ne6
27. Qe3 Rd5 28. Rg3 Nd4 29. Rg8+ Kb7 30. Rg7+ Ka6 31. Qd3+ Nb5 32. Qxh7 Qb4 33.
Rg4 Nd4 34. Qd3+ Qb5 35. c4 1-0

[Event "Indische Dame Münster 1 - SF Stadtlohn "]
[Site "Verbandsklasse 2017/2018"]
[Date "2017.10.14"]
[Round "2.4"]
[White "Tenberge, Norbert"]
[Black "Kloster, Daniel"]
[Result "1/2-1/2"]
[WhiteElo "1819"]
[BlackElo "1768"]
[PlyCount "25"]
[EventDate "2017.??.??"]
[SourceTitle "Verband Muensterland"]
[SourceDate "2017.09.30"]
[SourceVersion "1"]
[SourceVersionDate "2017.09.30"]
[SourceQuality "1"]

1. d4 e6 2. c4 d5 3. Nc3 Nf6 4. e3 Bb4 5. Bd2 O-O 6. Nf3 c5 7. dxc5 Bxc5 8.
cxd5 Nxd5 9. Be2 Nc6 10. O-O a6 11. e4 Nxc3 12. Bxc3 Qxd1 13. Rfxd1 1/2-1/2

[Event "Indische Dame Münster 1 - SF Stadtlohn "]
[Site "Verbandsklasse 2017/2018"]
[Date "2017.10.14"]
[Round "2.5"]
[White "Wensing, Herbert"]
[Black "ter Veen, Michael"]
[Result "1/2-1/2"]
[WhiteElo "1689"]
[BlackElo "1668"]
[PlyCount "101"]
[EventDate "2017.??.??"]
[SourceTitle "Verband Muensterland"]
[SourceDate "2017.09.30"]
[SourceVersion "1"]
[SourceVersionDate "2017.09.30"]
[SourceQuality "1"]

1. e4 c5 2. Nf3 g6 3. d4 cxd4 4. Qxd4 Nf6 5. e5 Nc6 6. Qc3 Nd5 7. Qd2 e6 8. Bc4
Nb6 9. Bb3 Bg7 10. Qe2 O-O 11. O-O d5 12. exd6 Qxd6 13. Re1 Qc5 14. Be3 Qf5 15.
c3 Nd5 16. Bxd5 exd5 17. Na3 a6 18. Nc2 Re8 19. Qd2 Be6 20. Ncd4 Qh5 21. Nxc6
bxc6 22. Nd4 Bd7 23. Rad1 Be5 24. Nf3 Bg4 25. Nxe5 Bxd1 26. Nxc6 Ba4 27. Nb4
Qe5 28. Qxd5 Qxd5 29. Nxd5 Red8 30. Nb6 Bc6 31. Nxa8 Rxa8 32. f3 a5 33. Rd1 Rb8
34. b3 Kf8 35. Rd6 Rc8 36. Kf2 Ke7 37. Bc5 Bb7 38. Rc6+ Kd7 39. Rxc8 Kxc8 40.
Bb6 a4 41. b4 Kd7 42. a3 Kc6 43. Bc5 Kd5 44. Ke3 Kc4 45. Kd2 Bc6 46. Kc2 f5 47.
Be3 h5 48. Bg5 Bd5 49. Be3 Bc6 50. Bf4 Bb5 51. Be3 1/2-1/2

[Event "Indische Dame Münster 1 - SF Stadtlohn "]
[Site "Verbandsklasse 2017/2018"]
[Date "2017.10.14"]
[Round "2.6"]
[White "Glotzbach, Thomas"]
[Black "Pusch, Herbert"]
[Result "1-0"]
[WhiteElo "1750"]
[BlackElo "1543"]
[PlyCount "119"]
[EventDate "2017.??.??"]
[SourceTitle "Verband Muensterland"]
[SourceDate "2017.09.30"]
[SourceVersion "1"]
[SourceVersionDate "2017.09.30"]
[SourceQuality "1"]

1. e4 g6 2. d4 Bg7 3. c3 e5 4. dxe5 Bxe5 5. Nf3 Bg7 6. Bc4 Nh6 7. O-O d6 8. Bg5
Qd7 9. h3 Nc6 10. Bb5 a6 11. Qa4 O-O 12. Bxh6 Bxh6 13. Nd4 Qd8 14. Nxc6 bxc6
15. Bxc6 Rb8 16. Qc2 Rb6 17. Bd5 Qg5 18. f4 Qf6 19. Qf2 Be6 20. Na3 Bxd5 21.
exd5 Rfb8 22. Nc4 Rb5 23. Rad1 Qf5 24. g4 Qe4 25. Rd4 Qe7 26. Re1 Qf8 27. a4
Rb3 28. Rd2 Re8 29. Rde2 Rxe2 30. Rxe2 Rb8 31. Qe3 f5 32. g5 Bg7 33. Qe7 Qf7
34. Re6 Bf8 35. Qxf7+ Kxf7 36. Kf1 Be7 37. b4 Bf8 38. Ke2 Re8 39. Rxe8 Kxe8 40.
Na5 Kd7 41. Nc6 Kc8 42. Kd3 Kb7 43. Kc4 Kb6 44. Nb8 Kb7 45. Nc6 Bg7 46. Nd8+
Kc8 47. Ne6 Bh8 48. a5 Kb7 49. Nf8 c6 50. dxc6+ Kxc6 51. Nxh7 d5+ 52. Kd3 Bg7
53. Nf6 Bh8 54. h4 Kd6 55. h5 Bxf6 56. gxf6 gxh5 57. b5 axb5 58. a6 h4 59. Ke2
h3 60. Kf2 1-0

[Event "Indische Dame Münster 1 - SF Stadtlohn "]
[Site "Verbandsklasse 2017/2018"]
[Date "2017.10.14"]
[Round "2.8"]
[White "Overesch, Dieter"]
[Black "Schlattmann, Martin"]
[Result "1-0"]
[WhiteElo "1737"]
[BlackElo "1755"]
[PlyCount "81"]
[EventDate "2017.??.??"]
[SourceTitle "Verband Muensterland"]
[SourceDate "2017.09.30"]
[SourceVersion "1"]
[SourceVersionDate "2017.09.30"]
[SourceQuality "1"]

1. d4 Nf6 2. Nf3 g6 3. Bg5 Bg7 4. Nbd2 d5 5. e3 O-O 6. Be2 Nbd7 7. O-O c5 8. c3
h6 9. Bh4 g5 10. Bg3 Nh5 11. Bb5 Nxg3 12. hxg3 cxd4 13. exd4 Nf6 14. Ne5 Qb6
15. Qb3 a6 16. Bd3 Qxb3 17. axb3 Nd7 18. f4 Nxe5 19. fxe5 Bg4 20. Ra5 e6 21. b4
f6 22. exf6 Bxf6 23. Nb3 Bd8 24. Rxf8+ Kxf8 25. Ra1 Bc7 26. Nc5 Ra7 27. b5 Bxg3
28. b6 Ra8 29. Nxb7 Rb8 30. Nc5 e5 31. Rxa6 e4 32. Be2 Bxe2 33. Nd7+ Ke7 34.
Nxb8 Bxb8 35. Ra8 Bg3 36. b7 e3 37. b8=Q Bxb8 38. Rxb8 Bc4 39. Rb6 g4 40. g3 h5
41. Rh6 1-0